00817nam a2200193 a 450000100100000000500170001000800410002704000250006808200150009310000330010824501020014126000430024330000300028670000490031604900090036595201130037495201190048799900170060600002936820240430111443.0110415s2008 dr c 000 0 spa d aDO-SdBNPbspacBNPHU axxxbA367l1 aAlemán, José Luis,9704610aLuchas sociales en tiempos del Quinn joven /cJosé Luis Alemán ; editor Rafael Bello Peguero. aSanto DomingoaAmigo del Hogar,c2008. a19 p. :bretrs. ;c20 cm.1 aBello Peguero, Rafael,d1932-2022eed.92405 aBNPD 0010718PDaPDbPDcCTd2011-04-15iLF1l0oxxx A367lp29368-10r2020-06-25w2020-06-25yLFPDZNo se presta 0010718PDaPDbPDcCTd2011-06-28iLF1l0oxxx A367lp29368-20r2020-06-25te. 2w2020-06-25yLFPDZNo se presta c28860d28860